<?xml version="1.0" encoding="UTF-8"?>
<marc:record xmlns:marc="http://www.loc.gov/MARC21/slim">
   <marc:leader>00000nam a2200000 a 4500</marc:leader>
   <marc:datafield ind1="1" ind2=" " tag="100">
      <marc:subfield code="a">Gameau, Damon</marc:subfield>
      <marc:subfield code="4">aut</marc:subfield>
      <marc:subfield code="e">Verfasser/-in</marc:subfield>
   </marc:datafield>
   <marc:datafield ind1=" " ind2=" " tag="653">
      <marc:subfield code="a">Diät / Sachbuch</marc:subfield>
   </marc:datafield>
   <marc:datafield ind1=" " ind2=" " tag="653">
      <marc:subfield code="a">Ernährung / Sachbuch</marc:subfield>
   </marc:datafield>
   <marc:datafield ind1=" " ind2=" " tag="653">
      <marc:subfield code="a">Zucker / Sachbuch</marc:subfield>
   </marc:datafield>
   <marc:datafield ind1=" " ind2=" " tag="653">
      <marc:subfield code="a">Gesundheit / Sachbuh</marc:subfield>
   </marc:datafield>
   <marc:datafield ind1="0" ind2="0" tag="245">
      <marc:subfield code="a">Voll verzuckert</marc:subfield>
   </marc:datafield>
   <marc:datafield ind1="0" ind2="0" tag="245">
      <marc:subfield code="b">That Sugar Book</marc:subfield>
   </marc:datafield>
   <marc:datafield ind1="0" ind2="0" tag="245">
      <marc:subfield code="c">Gameau, Damon</marc:subfield>
   </marc:datafield>
   <marc:datafield ind1=" " ind2="1" tag="264">
      <marc:subfield code="c">2015</marc:subfield>
   </marc:datafield>
   <marc:datafield ind1=" " ind2=" " tag="250">
      <marc:subfield code="a">1. Aufl</marc:subfield>
   </marc:datafield>
   <marc:datafield ind1="1" ind2=" " tag="520">
      <marc:subfield code="a">Um eine Frau zu beeindrucken, reduziert Damon Gameau seinen Zuckerkonsum drastisch. Der Effekt: Nie war er fitter, schlanker und ausgeglichener. Erstaunt über die positiven Auswirkungen, entschließt er sich zu einem Experiment: Nach drei zuckerfreien Jahren stellt er seine Ernährung erneut um. Für 60 Tage nimmt er dem durchschnittlichen Konsum eines Australiers entsprechend täglich 40 Teelöffel Zucker zu sich - und das ausschließlich in Form sogenannter gesunder Nahrungsmittel wie Müsli, fettarmen Joghurt und Säfte. Süßigkeiten sind Tabu! Das Ergebnis ist schockierend: Neun Kilo mehr, das Frühstadium einer Fettleber und Diabetes! Voll verzuckert - That Sugar Book beschreibt, wie die Droge Zucker unseren Körper und unser Gehin zerstört und wie leicht wir Zucker konsumieren, ohne es zu wissen. Als findiger Zuckerdetektiv zeigt Gameau, wie wir unsere Essgewohnheiten umstellen können. Mit über 40 unkompliziert-leckeren Rezepten gelingt ihm ein großartiger Schachzug im Kampf gegen Zucker!</marc:subfield>
   </marc:datafield>
   <marc:datafield ind1=" " ind2=" " tag="020">
      <marc:subfield code="a">9783833851766</marc:subfield>
      <marc:subfield code="9">9783833851766</marc:subfield>
   </marc:datafield>
   <marc:datafield ind1=" " ind2=" " tag="020">
      <marc:subfield code="a">3833851767</marc:subfield>
      <marc:subfield code="9">3833851767</marc:subfield>
   </marc:datafield>
   <marc:datafield ind1=" " ind2=" " tag="041">
      <marc:subfield code="a">ger</marc:subfield>
   </marc:datafield>
   <marc:datafield ind1=" " ind2=" " tag="300">
      <marc:subfield code="b">m. zahlr. bunten Bild</marc:subfield>
   </marc:datafield>
   <marc:datafield ind1=" " ind2=" " tag="338">
      <marc:subfield code="a">Band</marc:subfield>
   </marc:datafield>
   <marc:datafield ind1=" " ind2=" " tag="300">
      <marc:subfield code="a">239 S.</marc:subfield>
   </marc:datafield>
</marc:record>
